{"text_format":"3","workbook":"xlsx","n_sheets":1,"sheets":["Listino FLORIM eur 2026"],"not_rendered":{"images":1,"external_links":1,"defined_names":208},"read":"whole","date_system":"1900"}

{"sheet":"Listino FLORIM eur 2026","index":0,"n_rows":17,"n_cols":30,"rows_kept":17,"merged":[[1,16,1,22],[1,23,1,28],[2,16,2,18],[2,20,2,22],[2,23,2,24],[2,25,2,28]]}
[]
[{"$nulls":7},"PRICE LIST_EUR 2026",{"$nulls":8},"IMBALLI SU PALLET - PALLET PACKAGING",{"$nulls":6},"IMBALLI SU CASSA- CRATE PACKAGING"]
[{"$nulls":23},"lastra"]
["Espr. Design","Serie Collection","Tipo \nType","Formato \nSize","Superficie \nSurface","Superficie raggr.","Cod. ","Descrizione \nDescription","sp/th","cod EAN","cod DOGANA","GL/UGL","UM","PRICE LIST 2025","scheda","Imballo \nPackaging","pz/pc","ml","m2","Kg","Sc/Bxs","m2","Kg","m2","Kg","vuota empty Kg","nr slabs","m2","piena full Kg","Note"]
["FL-SKIN","FLORIM SKIN","SL","120X300 SP.3MM","MATT - NATURALE",null,780658,"STONE DORDOGNE 3MM STU 120X300 RETT","3.000","8032842284425","69072100","UGL","M2",{"v":140,"d":"140.00 €"},null,"Cassa mm1370x3246x290h",{"$nulls":7},3.6,24.328,80,24,86.4,710]
["FL-SKIN","FLORIM SKIN","SL","120X300 SP.3MM","MATT - NATURALE",null,780659,"STONE CHABLIS 3MM STU 120X300 RETT","3.000","8032842284432","69072100","UGL","M2",{"v":140,"d":"140.00 €"},null,"Cassa mm1370x3246x290h",{"$nulls":7},3.6,26.028,80,24,86.4,710]
["FL-SKIN","FLORIM SKIN","SL","120X300 SP.3MM","MATT - NATURALE",null,780661,"CEMENT WHITE 3MM STU 120X300 RETT","3.000","8032842284449","69072100","UGL","M2",{"v":140,"d":"140.00 €"},null,"Cassa mm1370x3246x290h",{"$nulls":7},3.6,26.028,80,24,86.4,710]
["FL-SKIN","FLORIM SKIN","SL","120X300 SP.3MM","MATT - NATURALE",null,780662,"CEMENT IVORY 3MM STU 120X300 RETT","3.000","8032842284456","69072100","UGL","M2",{"v":140,"d":"140.00 €"},null,"Cassa mm1370x3246x290h",{"$nulls":7},3.6,26.028,80,24,86.4,710]
["FL-SKIN","FLORIM SKIN","SL","120X300 SP.3MM","MATT - NATURALE",null,780663,"CEMENT LIGHT GRAY 3MM STU 120X300 RETT","3.000","8032842284463","69072100","UGL","M2",{"v":140,"d":"140.00 €"},null,"Cassa mm1370x3246x290h",{"$nulls":7},3.6,26.028,80,24,86.4,710]
["FL-SKIN","FLORIM SKIN","SL","120X300 SP.3MM","MATT - NATURALE",null,780664,"CEMENT DARK GRAY 3MM STU 120X300 RETT","3.000","8032842284470","69072100","UGL","M2",{"v":140,"d":"140.00 €"},null,"Cassa mm1370x3246x290h",{"$nulls":7},3.6,26.028,80,24,86.4,710]
["FL-SKIN","FLORIM SKIN","SL","120X300 SP.3MM","MATT - NATURALE",null,780665,"WOOD PLANK 3MM STU 120X300 RETT","3.000","8032842284487","69072100","UGL","M2",{"v":140,"d":"140.00 €"},null,"Cassa mm1370x3246x290h",{"$nulls":7},3.6,26.028,80,24,86.4,710]
["FL-SKIN","FLORIM SKIN","SL","120X300 SP.3MM","MATT - NATURALE",null,780666,"DUST BROWN 3MM STU 120X300 RETT","3.000","8032842284494","69072100","UGL","M2",{"v":140,"d":"140.00 €"},null,"Cassa mm1370x3246x290h",{"$nulls":7},3.6,26.028,80,24,86.4,710]
["FL-SKIN","FLORIM SKIN","SL","120X300 SP.3MM","MATT - NATURALE",null,780667,"METAL BURNISHED 3MM STU 120X300 RETT","3.000","8032842284500","69072100","UGL","M2",{"v":140,"d":"140.00 €"},null,"Cassa mm1370x3246x290h",{"$nulls":7},3.6,26.028,80,24,86.4,710]
["FL-SKIN","FLORIM SKIN","SL","120X300 SP.3MM","MATT - NATURALE",null,780668,"METAL CORTEN 3MM STU 120X300 RETT","3.000","8032842284517","69072100","UGL","M2",{"v":140,"d":"140.00 €"},null,"Cassa mm1370x3246x290h",{"$nulls":7},3.6,26.028,80,24,86.4,710]
["FL-SKIN","FLORIM SKIN","SL","120X300 SP.3MM","MATT - NATURALE",null,780669,"METAL BRONZE 3MM STU 120X300 RETT","3.000","8032842284524","69072100","UGL","M2",{"v":140,"d":"140.00 €"},null,"Cassa mm1370x3246x290h",{"$nulls":7},3.6,26.028,80,24,86.4,710]
["FL-SKIN","FLORIM SKIN","SL","120X300 SP.3MM","MATT - NATURALE",null,780670,"MARBLE STATUARIO 3MM STU 120X300 RETT","3.000","8032842284531","69072100","UGL","M2",{"v":140,"d":"140.00 €"},null,"Cassa mm1370x3246x290h",{"$nulls":7},3.6,26.028,80,24,86.4,710]
["FL-SKIN","FLORIM SKIN","SL","120X300 SP.3MM","GLOSSY",null,785115,"MARBLE STATUARIO GLOSS 3MM STU120X300RET","3.000","8032842284531","69072100","UGL","M2",{"v":160,"d":"160.00 €"},null,"Cassa mm1370x3246x290h",{"$nulls":7},3.6,26.028,80,24,86.4,710]